000 00616cam a2200241 4500
008 090401t1992 xxu||||| |||| 00| 0 eng d
020 _a085125523X
035 _a(Sirsi) u30896
041 _aeng
050 _a693.97
110 _aBuilding Research Establishment
245 _aStuart steel-framed houses.
260 _aGarston, Watford
_bBRE
_c1992
300 _a12p.
350 _a10
490 _aBRE Digest
_v219
650 _aBUILDING DEFECTS
650 _aPREFABRICATION
650 _aSTEEL FRAMED HOUSES
690 _aBUILT ENVIRONMENT-CONSTRUCTION DESIGN
942 _n0
948 _c04/03/1997
999 _c89526
_d89526